Statistics for Rhymes With Car

Click here to take the quiz!

General Stats

  • This quiz has been taken 141 times
    (99 since last reset)
  • The average score is 12 of 16

Answer Stats

First LetterAnswer% Correct
FFar
100%
PPar
100%
BBar
99%
JJar
99%
MMar
99%
TTar
99%
AAre
94%
SStar
90%
CCar
77%
CChar
77%
SSpa
75%
SScar
71%
SSpar
63%
TTsar
29%
CCzar
28%
TTzar
17%

Score Distribution

Percentile by Number Answered

Percent of People with Each Score

Your Score History

You have not taken this quiz since the last reset